| 000 | 00899nam a2200289Ia 4500 | ||
|---|---|---|---|
| 001 | Z_1912 | ||
| 003 | CHAP | ||
| 008 | 220113s1996 xx 000 0 und d | ||
| 010 | _a165004 | ||
| 040 | _cCHAP | ||
| 090 | _aTesis M 1108 | ||
| 100 |
_aMezhua Campos, Melitón Antonio _975364 |
||
| 245 |
_aEvaluación de la Saccharina cubbana en México / _cpor Melitón Antonio Mezhua Campos y Antonio Tellez Hernández |
||
| 260 |
_aChapingo, Méx. : _bEl autor, _c1996 |
||
| 300 | _a26 h. | ||
| 502 | _aTesis (Ing. Agr. Esp. en Zootecnia) -- UACH. Departamento de Zootecnia | ||
| 650 |
_aCaña de azúcar como forraje _918673 |
||
| 650 |
_aGanado lanar _xAlimentación _945153 |
||
| 650 |
_aUrea en alimentación animal _9116890 |
||
| 700 |
_aTellez Hernández, Antonio _9113552 |
||
| 901 | _aTESIS M 1108 | ||
| 902 | _aM | ||
| 910 | _a1996 | ||
| 942 | _c2 | ||
| 942 | _c2 | ||
| 999 |
_c165004 _d165004 |
||